| 000 | 00922cam a2200337 4500500 | ||
|---|---|---|---|
| 005 | 20260329004718.0 | ||
| 041 | _afre | ||
| 042 | _adc | ||
| 100 | 1 | 0 |
_aLacroix, Alexandre _eauthor |
| 245 | 0 | 0 | _aKarl Ove Knausgård : “Je cherche le sentiment d’une présence” |
| 260 | _c2020. | ||
| 500 | _a29 | ||
| 690 | _aConfessions | ||
| 690 | _aÉcrivain | ||
| 690 | _aFamille | ||
| 690 | _aHeidegger | ||
| 690 | _aHitler | ||
| 690 | _aHonte | ||
| 690 | _aKarl Ove Knausgard | ||
| 690 | _aKnausgard | ||
| 690 | _aNature | ||
| 690 | _aNorvège | ||
| 690 | _aPeter Handke | ||
| 690 | _aPoésie | ||
| 690 | _aRock | ||
| 690 | _aroman | ||
| 690 | _aWitold Gombrowicz | ||
| 690 | _aWittgenstein | ||
| 786 | 0 | _nPhilosophie magazine | 145 | 1 | 2020-12-01 | p. 50-53 | 1951-1787 | |
| 856 | 4 | 1 | _uhttps://shs.cairn.info/magazine-philosophie-magazine-2020-12-1-page-50?lang=fr&redirect-ssocas=7080 |
| 999 |
_c1836531 _d1836531 |
||